Asnières- sur- Seine au courrs des siècles… /

Le livre nous présente l' histoire d' Asnières-sur-Seine et son nouveau visage actuellement.

Đã lưu trong:
Bibliografiske detaljer
Hovedforfatter: Jouan, Lucienne.
Format: Bog
Sprog:French
Udgivet: Asnières : L. Unal, 1976.
Fag:
Tags: Tilføj Tag
Ingen Tags, Vær først til at tagge denne postø!
Thư viện lưu trữ: Mạng thư viện Đại học Đà Nẵng
LEADER 00949cam a2200349 i 4500
001 000044272
003 2625
005 20030220152507.0
008 010307|1976 vm 000 fre
020 |a 2901155057 
040 |a IRC  |c IRC  |d IRC 
041 0 |a fre 
082 1 4 |a 910  |b JO-L 
100 1 |a Jouan, Lucienne. 
245 0 0 |a Asnières- sur- Seine au courrs des siècles… /  |c Lucienne Jouan. 
260 |a Asnières :  |b L. Unal,  |c 1976. 
300 |a 183p. ;  |c 24cm. 
520 3 |a Le livre nous présente l' histoire d' Asnières-sur-Seine et son nouveau visage actuellement. 
630 0 4 |a Histoire. 
630 0 4 |a Geographie. 
630 0 4 |a Asnières-sur-Seine. 
650 0 4 |a Geographie  |x Histoire. 
OWN |a DUT 
999 |a From the UDN01 
TYP |a Monograph 
TYP |a Printed language 
980 |a Mạng thư viện Đại học Đà Nẵng